Las más bellas historias para ser contadas

Gespeichert in:
Bibliographische Detailangaben
1. Verfasser: Genovese Fousse, Carlos (VerfasserIn)
Format: Buch
Sprache:Spanisch
Veröffentlicht: Santiago Don Bosco 1999
Ausgabe:1a. ed
Schriftenreihe:Colección Tricahue
Schlagworte:
Tags: Tag hinzufügen
Keine Tags, Fügen Sie den ersten Tag hinzu!

MARC

LEADER 00000nam a2200000 a 4500
001 UCH9602
003 CL-VaPUC
008 100114e19991200CL |||||||||||||||||spa|d
020 |a 9561804778 
082 0 4 |a Ch863  |b GEN  |2 21 
100 |a Genovese Fousse, Carlos  |e author  |9 546767 
245 1 4 |a Las más bellas historias para ser contadas 
250 |a 1a. ed 
300 |a 92 p 
942 |c BK 
945 |d 20100114 00:00:00  |a dcastane 
260 |a Santiago  |b Don Bosco  |c 1999 
650 0 |a Literatura chilena   |9 308278 
650 0 |a Cuentos infantiles chilenos   |9 308784 
583 |a last modification  |c 20100114 00:00:00  |k Rodrigo Vera 
490 0 |a Colección Tricahue 
999 |c 339523  |d 339521